| 000 | 00616nam a2200205 i 4500 | ||
|---|---|---|---|
| 001 | 58665 | ||
| 003 | ES-MaACL | ||
| 005 | 20260201173946.0 | ||
| 007 | t| | ||
| 008 | 031023s1967 sp f |||| |bspa d | ||
| 100 | 1 |
_aEbon, Martin. _946477 |
|
| 245 | 1 | 0 |
_aSvetlana [hija de Stalin] / _cpor Ebon Martin ; [traducción de Ramón Hernández]. |
| 250 | _a1ª ed. | ||
| 260 |
_aBarcelona : _bPlaza & Janés, _c1967. |
||
| 300 |
_a256 p., 8 lám. ; _c20 cm. |
||
| 600 | 1 | 7 |
_aAllilueva, Svetlana, _d1926-2011 _2 _9169416 |
| 700 | 1 |
_aHernández, Ramón. _962858 |
|
| 852 |
_aES-MaACL _jC-33298 |
||
| 999 |
_c58665 _d58665 |
||